The Pacific rim almanac
में बचाया:
| मुख्य लेखक: | |
|---|---|
| स्वरूप: | पुस्तक |
| भाषा: | Undetermined |
| प्रकाशित: |
London
Happer Perennial
1991
|
| विषय: | |
| टैग : |
टैग जोड़ें
कोई टैग नहीं, इस रिकॉर्ड को टैग करने वाले पहले व्यक्ति बनें!
|
| Thư viện lưu trữ: | Trung tâm Học liệu Trường Đại học Cần Thơ |
|---|
| LEADER | 00606nam a2200205Ia 4500 | ||
|---|---|---|---|
| 001 | CTU_104571 | ||
| 008 | 210402s9999 xx 000 0 und d | ||
| 082 | |a 382 | ||
| 082 | |b B554 | ||
| 100 | |a Besher, Alexander | ||
| 245 | 4 | |a The Pacific rim almanac | |
| 245 | 0 | |c Alexander Besher | |
| 260 | |a London | ||
| 260 | |b Happer Perennial | ||
| 260 | |c 1991 | ||
| 650 | |a Investments,Finance,Đầu tư,Tài chính | ||
| 650 | |x Pacific Area | ||
| 650 | |z Pacific Area,Thái Bình Dương,Thái Bình Dương | ||
| 904 | |i Tuyến | ||
| 980 | |a Trung tâm Học liệu Trường Đại học Cần Thơ | ||